| 000 | 00975nmm a2200253 a 4500 | ||
|---|---|---|---|
| 001 | ocm000787990 | ||
| 003 | TR-IsHL | ||
| 005 | 20201028140927.0 | ||
| 008 | 131219s2008 tu tur | ||
| 007 | cr cn | ||
| 035 |
_a787990 _b(N$T) |
||
| 050 | 0 | 4 |
_aGB401.5 _b.U48 2008 |
| 090 | 0 | 4 |
_aGB401.5 _b.U48 2008 |
| 245 | 1 | 0 |
_aUlusal jeomorfoloji sempozyumu 2008: Prof Dr. Mehmet Ardos Anısına Çanakkale Onsekiz Mart Üniversitesi Terzioğlu Yerleşkesi, Troia Kültür Merkezi 20-23 Ekim 2008, Çanakkale _h[electronic resource] / _ced. A. Evren Erginal |
| 260 |
_aÇanakkale : _bÇanakkale Onsekiz Mart Üniversitesi, _c2008 |
||
| 300 | _a500 p. | ||
| 650 | 4 | _aÇevre Bilimleri | |
| 650 | 4 | _aEnvironmental Sciences | |
| 650 | 0 | _aJemorfoloji | |
| 650 | 0 | _aGeomorphology | |
| 650 | 7 |
_aSCIENCE / Earth Sciences / Geography _2bisacsh |
|
| 700 | 1 | _aErginal, Evren | |
| 856 | 4 | 0 | _uhttp://search.ebscohost.com/login.aspx?direct=true&scope=site&db=e011xww&AN=787990 |
| 999 |
_c7544 _d7544 |
||